Le rôle conjoint de la Trinité et des attributs divins jusqu’en christologie dans le Discours catéchétique de Grégoire de Nysse (notice n° 1620722)

détails MARC
000 -LEADER
fixed length control field 02280cam a2200169 4500500
005 - DATE AND TIME OF LATEST TRANSACTION
control field 20260111091235.0
041 ## - LANGUAGE CODE
Language code of text/sound track or separate title fre
042 ## - AUTHENTICATION CODE
Authentication code dc
100 10 - MAIN ENTRY--PERSONAL NAME
Personal name Durand, Emmanuel
Relator term author
245 00 - TITLE STATEMENT
Title Le rôle conjoint de la Trinité et des attributs divins jusqu’en christologie dans le Discours catéchétique de Grégoire de Nysse
260 ## - PUBLICATION, DISTRIBUTION, ETC.
Date of publication, distribution, etc. 2005.<br/>
500 ## - GENERAL NOTE
General note 92
520 ## - SUMMARY, ETC.
Summary, etc. Faut-il mettre au point nos idées sur Dieu Un et Trine, afin de percevoir la puissance du Salut opéré par le Christ ? La présente étude interroge en ce sens la méthode du Discours catéchétique de Grégoire de Nysse. Au principe d’une catéchèse complète des mystères de la foi, centrée sur l’Incarnation et la Rédemption, Grégoire pose une doctrine trinitaire étroitement articulée aux attributs divins, en partie accessibles à la raison philosophique commune. Cette mise de fonds joue un rôle bien précis dans l’interprétation des mystères de l’économie dans la chair. La relation instituée entre « une digne conception de Dieu » et la révélation de l’identité divine dans les voies singulières du Salut constitue l’objet central de cet article. La question se pose finalement de l’importance décisive de la doctrine trinitaire pour un exposé christologique de facture narrative.
520 ## - SUMMARY, ETC.
Summary, etc. Does a theological approach of Christ’s salvific power require a consideration of the mystery of the triune God ? This is the question which the A. intends to answer in his study of the method of Gregory of Nyssa’s Catechetical Discourse. In his catechesis, Gregory presents the mysteries of faith (incarnation and redemption) as rooted in a trinitarian doctrine intimately linked to the divine attributes, which are partly accessible to the common philosophical reason. The A. considers here the relation between a worthy conception of God and the revelation of God’s identity in the singular ways of salvation. A specific question concerns the decisive importance of the trinitarian doctrine in christology’s narrative expression.
786 0# - DATA SOURCE ENTRY
Note Nouvelle revue théologique | 127 | 4 | 2005-12-15 | p. 571-586 | 0029-4845
856 41 - ELECTRONIC LOCATION AND ACCESS
Uniform Resource Identifier <a href="https://shs.cairn.info/revue-nouvelle-revue-theologique-2005-4-page-571?lang=fr&redirect-ssocas=7080">https://shs.cairn.info/revue-nouvelle-revue-theologique-2005-4-page-571?lang=fr&redirect-ssocas=7080</a>

Pas d'exemplaire disponible.

PLUDOC

PLUDOC est la plateforme unique et centralisée de gestion des bibliothèques physiques et numériques de Guinée administré par le CEDUST. Elle est la plus grande base de données de ressources documentaires pour les Étudiants, Enseignants chercheurs et Chercheurs de Guinée.

Adresse

627 919 101/664 919 101

25 boulevard du commerce
Kaloum, Conakry, Guinée

Réseaux sociaux

Powered by Netsen Group @ 2025